Culture Générale - Série 1738 - Statistiques

Statistiques générales
  • Ce quiz a été pris 184 fois
  • Le résultat moyen est 5 sur 10
Statistiques - réponses
Question Réponse % Correct
Quel est le pays d'origine des magasins IKEA ? Suède
99%
Quel est le plus haut sommet du Japon ? mont Fuji
81%
Quelle ville des USA fut d'abord nommée Nouvelle Amsterdam ? New York
78%
Quelle équipe nationale de rugby à XV est surnommée « Les Pumas » ? Argentine
77%
Quel canal célèbre, long de 164 km, ne comporte pas d'écluses ? canal de Suez
65%
Dans la musique vocale, quelle voix a la tessiture la plus grave ? basse
38%
Quel pays compte 90 % de catholiques ? Pologne
25%
Qui a réalisé le film Blade Runner ? Ridley Scott
19%
Quel est le dieu le plus ancien dans la mythologie grecque ? Ouranos
17%
Quel écrivain a gagné le Prix Nobel en premier ? Ernest Hemingway
3%
Aucun quiz correspondant
Distribution des résultats
% des personnes avec chaque résultat
Percentile par nombre de réponses
Votre historique - résultats
Vous n’avez pas pris ce quiz